Finding out encyclopedia : The E F book

Bibliographic Details
Format: Book
Published: Australia : BayBooks , 1992
Series:Sesame street
Subjects:

MARC

LEADER 00000cam a2200000 7i4500
001 0000035586
002 000038490
005 20000331.0
020 |a T000004095 
090 0 0 |a J 030   |b SES 
245 0 0 |a Finding out encyclopedia :   |b The E F book 
260 |a Australia :   |b BayBooks ,   |c 1992 
300 |a p.v. :   |b ill. ;   |c 28cm. 
490 0 |a Sesame street 
650 0 0 |a Encyclopedias and directories   |x Juvenile literature 
999 |a 022696   |b BUKU   |c PINJAMAN   |e PERPUSTAKAAN KOMUNITI PETALING JAYA